000 00211nam a2200097Ia 4500
008 170619s9999 xx 000 0 und d
100 _aCHAUHAN BS
245 0 _aENGINEERING CHEMISTRY
260 _bLAXMI
260 _c2009
546 _aENGLISH
999 _c18777
_d18777